Foster's Home for Imaginary Friends characters picture quiz - Statistics

General Stats
  • This quiz has been taken 14 times
  • The average score is 8 of 16
Answer Stats
Picture Answer % Correct
Coco
100%
Cheese
90%
Blooregard Q Kazoo
80%
Eduardo
80%
Mac
80%
Wilt
80%
Frankie Foster
70%
Duchess
40%
Madame Foster
40%
Mr. Herriman
40%
Goo Goo Ga Ga
30%
Terrence
30%
Bendy
20%
Bloppy Pants
20%
Jackie Khones
20%
Fluffer Nutter
10%
No matching quizzes found
Score Distribution
Percent of People with Each Score
Percentile by Number Answered
Your Score History
You have not taken this quiz